Human resource management: Text and case (Record no. 27097)

MARC details
000 -LEADER
fixed length control field 00502nam a2200181Ia 4500
008 - FIXED-LENGTH DATA ELEMENTS--GENERAL INFORMATION
fixed length control field 230917s9999||||xx |||||||||||||| ||und||
020 ## - ISBN
Price RS550
040 ## - CATALOGING SOURCE
-- 248301
Original cataloging agency VIVEKANANDA LIBRARY
041 ## - Language
-- English
082 ## - DDC NUMBER
Classification number 658.3 P192H(2)
100 ## - MAIN ENTRY--PERSONAL NAME
Personal name Pande, Sharon
245 #0 - TITLE STATEMENT
Title Human resource management: Text and case
250 ## - EDITION STATEMENT
Edition statement 2nd ed.
260 ## - PUBLICATION, DISTRIBUTION, ETC. (IMPRINT)
Place of publication, distribution, etc Noida
Name of publisher, distributor, etc Vikas Publishing House
Date of publication, distribution, etc 2018
300 ## - PHYSICAL DESCRIPTION
Pages xxv, 594 p.
500 ## - GENERAL NOTE
General note 3158 11/06/2018 HBD18/7421 18/06/2018 IMSAR (Dev. & Research)
942 ## - ADDED ENTRY ELEMENTS (KOHA)
Koha item type Books
Holdings
Withdrawn status Lost status Damaged status Not for loan Location (home branch) Sublocation or collection (holding branch) Shelving location Date acquired Koha issues (times borrowed) Koha full call number Accession No. Koha date last seen Koha item type
        VIVEKANANDA LIBRARY VIVEKANANDA LIBRARY IMSAR Library 16/07/2018   658.3 P192H(2) 373695 17/09/2023 Books
        VIVEKANANDA LIBRARY VIVEKANANDA LIBRARY IMSAR Library 16/07/2018   658.3 P192H(2) 373696 17/09/2023 Books
        VIVEKANANDA LIBRARY VIVEKANANDA LIBRARY IMSAR Library 16/07/2018   658.3 P192H(2) 373697 17/09/2023 Books
        VIVEKANANDA LIBRARY VIVEKANANDA LIBRARY IMSAR Library 16/07/2018   658.3 P192H(2) 373698 17/09/2023 Books
        VIVEKANANDA LIBRARY VIVEKANANDA LIBRARY IMSAR Library 16/07/2018   658.3 P192H(2) 373699 17/09/2023 Books
© Designed and Maintained by Vivekananda Library, MDU Rohtak